| 000 | 01545cam a2200313 i 4500 | ||
|---|---|---|---|
| 001 | 59951 | ||
| 003 | Mx-PuUPA | ||
| 005 | 20240913112742.0 | ||
| 008 | 140415s2021 mx gr 000 0 spa d | ||
| 020 | _a9786073804332 | ||
| 040 |
_cMx-PuUPA _aMx-PuUPA _bspa _dMx-PuUPA _erda |
||
| 041 | 0 | _aspa | |
| 100 | 1 |
_aVallejo, Irene, _eautor |
|
| 245 | 1 | 0 |
_aEl infinito en un junco : _bla invención de los libros en el mundo antiguo / _cIrene Vallejo |
| 250 | _aPrimera edición | ||
| 264 | 1 |
_aCiudad de México : _bDebols!llo, _c2021 |
|
| 300 |
_a451 páginas ; _c21 cm |
||
| 336 |
_2rdacontent _atexto _btxt |
||
| 337 |
_2rdamedia _asin medio _bn |
||
| 338 |
_2rdacarrier _avolumen _bnc |
||
| 490 | 0 | _aEnsayo | |
| 500 | _a"La invención de los libros en el mundo antiguo". -- Cubierta. | ||
| 545 | 1 | _aReimpresiones: (Primera, junio, 2021) ; (Segunda, julio, 2021) ;(Tercera, julio, 2021) ;(Cuarta, octubre, 2021) ;(Quinta, noviembre, 2021) ;(Sexta, diciembre, 2021) ;(Séptima, marzo, 2022) ;(Octava, marzo, 2022) ;(Novena, mayo, 2022) ;(Décima, junio, 2022) ;(Undécima, agosto, 2022) ;(Décima segunda, septiembre, 2022) ;(Décima tercera, noviembre, 2022) ;(Décima cuarta, marzo, 2023) ; (Décima quinta, mayo, 2023) ;(Décima sexta, agosto, 2023) ;(Décima séptima, enero, 2024). | |
| 650 | 7 |
_2armarc _aLibros _xHistoria _yHasta 400 |
|
| 942 |
_2ddc _cLI _h002.09 _iV135 |
||
| 999 |
_c59951 _d59951 |
||